[Event "CZE-ch U10"]
[Site "Kouty nad Desnou"]
[Date "2014.03.14"]
[Round "8"]
[White "Sebesta, Jan"]
[Black "Hosnedl, Matyas"]
[Result "1-0"]
[WhiteElo "1417"]
[BlackElo "1343"]
[PlyCount "163"]
[EventDate "2014.03.08"]
[EventType "swiss"]
[EventRounds "9"]
[EventCountry "CZE"]
[SourceTitle "EXT 2015"]
[Source "ChessBase"]
[SourceDate "2014.11.20"]
[SourceVersion "1"]
[SourceVersionDate "2014.11.20"]
[SourceQuality "1"]

1. e4 c5 2. c3 e6 3. d4 d5 4. e5 Nc6 5. Nf3 Qb6 6. Bd3 cxd4 7. cxd4 Bd7 8. Be2 Nge7 9. Na3 Nf5 10. Nc2 Be7 11. 0-0 0-0 12. b3 Rac8 13. Bb2 Nb4 14. Nxb4 Bxb4 15. Rc1 Rc6 16. Rxc6 Qxc6 17. Qc1 Qb6 18. Qb1 Bb5 19. Bxb5 Qxb5 20. Qc2 Ne7 21. Rc1 Nc6 22. Qd1 Qa5 23. a4 Rc8 24. Qd3 h6 25. Bc3 Ne7 26. Bb2 Rxc1+ 27. Bxc1 Qc7 28. Bd2 Bxd2 29. Qxd2 Nf5 30. h3 Kf8 31. Kf1 Ke8 32. Ke2 Kd7 33. Kd1 b6 34. g4 Ne7 35. h4 Ng8 36. Ne1 f6 37. Qc2 fxe5 38. Qxc7+ Kxc7 39. dxe5 Ne7 40. h5 Kc6 41. Nd3 d4 42. Nf4 Kd7 43. Kd2 Nc6 44. Nd3 a5 45. f4 Ke7 46. f5 exf5 47. gxf5 Kf7 48. Kc2 Ne7 49. Nb2 Nxf5 50. Kd3 Ne7 51. Kxd4 Ke6 52. Nc4 Nc8 53. Ke4 Kd7 54. Ne3 Ke6 55. Nd5 Kf7 56. Kf5 Ne7+ 57. Nxe7 Kxe7 58. Kg6 Ke6 59. Kxg7 Kxe5 60. Kxh6 Kf6 61. Kh7 Kf7 62. h6 Kf8 63. Kg6 Kg8 64. Kf6 Kh7 65. Ke6 Kxh6 66. Kd6 Kg6 67. Kc6 Kf6 68. Kxb6 Ke6 69. Kxa5 Kd7 70. Kb6 Kc8 71. Ka7 Kc7 72. b4 Kc6 73. b5+ Kc5 74. b6 Kb4 75. b7 Kxa4 76. b8Q Ka5 77. Qb6+ Ka4 78. Ka6 Ka3 79. Qb1 Ka4 80. Kb6 Ka3 81. Kc5 Ka4 82. Qb4# 1-0